<?xml version="1.0" encoding="UTF-8"?>
<record
    xmlns:xsi="http://www.w3.org/2001/XMLSchema-instance"
    xsi:schemaLocation="http://www.loc.gov/MARC21/slim http://www.loc.gov/standards/marcxml/schema/MARC21slim.xsd"
    xmlns="http://www.loc.gov/MARC21/slim">

  <leader>00311nam a22001337a 4500</leader>
  <datafield tag="999" ind1=" " ind2=" ">
    <subfield code="c">11203</subfield>
    <subfield code="d">11203</subfield>
  </datafield>
  <controlfield tag="003">OSt</controlfield>
  <controlfield tag="008">220511b           ||||| |||| 00| 0 eng d</controlfield>
  <datafield tag="100" ind1=" " ind2=" ">
    <subfield code="a">BALUJA,G.S.</subfield>
  </datafield>
  <datafield tag="245" ind1=" " ind2=" ">
    <subfield code="a">Data Structures through C</subfield>
  </datafield>
  <datafield tag="250" ind1=" " ind2=" ">
    <subfield code="a">Rep</subfield>
  </datafield>
  <datafield tag="260" ind1=" " ind2=" ">
    <subfield code="a">New Delhi</subfield>
    <subfield code="b">Dhanpat Rai &amp; Co</subfield>
    <subfield code="c">2012</subfield>
  </datafield>
  <datafield tag="300" ind1=" " ind2=" ">
    <subfield code="a">651</subfield>
  </datafield>
  <datafield tag="942" ind1=" " ind2=" ">
    <subfield code="2">ddc</subfield>
    <subfield code="c">BK</subfield>
    <subfield code="0">4</subfield>
  </datafield>
  <datafield tag="952" ind1=" " ind2=" ">
    <subfield code="0">0</subfield>
    <subfield code="1">0</subfield>
    <subfield code="2">ddc</subfield>
    <subfield code="4">0</subfield>
    <subfield code="7">0</subfield>
    <subfield code="8">BTECHCSE</subfield>
    <subfield code="a">PIET</subfield>
    <subfield code="b">PIET</subfield>
    <subfield code="e">Naresh Book Depot</subfield>
    <subfield code="f">Indian Rup</subfield>
    <subfield code="g">250.00</subfield>
    <subfield code="k">146</subfield>
    <subfield code="l">12</subfield>
    <subfield code="o">005.133 BAD</subfield>
    <subfield code="p">33569</subfield>
    <subfield code="r">2025-12-18 00:00:00</subfield>
    <subfield code="s">2025-12-18</subfield>
    <subfield code="v">200.00</subfield>
    <subfield code="w">2022-01-07</subfield>
    <subfield code="y">BK</subfield>
    <subfield code="z">Decentralisation of books</subfield>
  </datafield>
  <datafield tag="952" ind1=" " ind2=" ">
    <subfield code="0">0</subfield>
    <subfield code="1">0</subfield>
    <subfield code="2">ddc</subfield>
    <subfield code="4">0</subfield>
    <subfield code="7">0</subfield>
    <subfield code="8">BTECHCSE</subfield>
    <subfield code="a">PIET</subfield>
    <subfield code="b">PIET</subfield>
    <subfield code="d">2023-04-15</subfield>
    <subfield code="e">Virendra Book and Stationery</subfield>
    <subfield code="f">IN RUPEES</subfield>
    <subfield code="g">495.00</subfield>
    <subfield code="k">3815</subfield>
    <subfield code="l">10</subfield>
    <subfield code="o">005.133 BAD</subfield>
    <subfield code="p">34995</subfield>
    <subfield code="r">2026-01-08 00:00:00</subfield>
    <subfield code="s">2025-12-18</subfield>
    <subfield code="v">396.00</subfield>
    <subfield code="w">2023-04-15</subfield>
    <subfield code="y">BK</subfield>
    <subfield code="z">Decentralization</subfield>
  </datafield>
</record>
